Вып. 3 : Взаимодействие атомов и молекул с электромагнитным полем; Вопросы квантовой теории атомов и молекул

Detalhes bibliográficos
Parent link:Вопросы квантовой теории атомов и молекул: межвузовский сборник/ Ленинградский государственный университет (ЛГУ). Вып. 3 : Взаимодействие атомов и молекул с электромагнитным полем.— , 1978-1987
Outros Autores: Киселев А. А. (редактор)
Idioma:russo
Publicado em: 1987
Assuntos:
Formato: Livro
KOHA link:https://koha.lib.tpu.ru/cgi-bin/koha/opac-detail.pl?biblionumber=121418

MARC

LEADER 00000nam2a2200000 4500
001 121418
005 20231101215658.0
020 |a RU  |b 87-24012ж 
035 |a (RuTPU)RU\TPU\book\131496 
090 |a 121418 
100 |a 20070913d1987 k y0rusy5003 ca 
101 0 |a rus 
102 |a RU 
105 |a a z 001zy 
200 0 |a Вып. 3 : Взаимодействие атомов и молекул с электромагнитным полем 
210 |d 1987 
215 |a 302 c.  |c ил. 
320 |a Библиография в конце статей 
461 1 |0 (RuTPU)RU\TPU\book\6963  |t Вопросы квантовой теории атомов и молекул  |o межвузовский сборник  |f Ленинградский государственный университет (ЛГУ)  |v Вып. 3 : Взаимодействие атомов и молекул с электромагнитным полем  |d 1978-1987 
606 1 |a Квантовая механика  |2 stltpush  |3 (RuTPU)RU\TPU\subj\14211  |9 40667 
606 1 |a Квантовая химия  |2 stltpush  |3 (RuTPU)RU\TPU\subj\69462  |9 84313 
610 1 |a физика 
610 1 |a атомы 
610 1 |a молекулы 
610 1 |a магнитные поля 
675 |a 530.145.6  |v 4 
675 |a 544.18  |v 4 
702 1 |a Киселев  |b А. А.  |4 340 
801 0 |a RU  |b RuMRKP  |c 19950417  |g psbo 
801 1 |a RU  |b 63413507  |c 20070913  |g PSBO 
801 2 |a RU  |b 63413507  |c 20171017  |g PSBO 
942 |c BK